| 000 | 00431nam a2200181Ia 4500 | ||
|---|---|---|---|
| 003 | 0STCL | ||
| 008 | 150530s9999 xx 000 0 und d | ||
| 040 |
_aSTCL _cSTCL |
||
| 100 | _aDamodaran, K. | ||
| 245 | _aBharatiya Cinta | ||
| 250 | _aThird | ||
| 260 |
_bState Institute of Lanagauge; Trivandrum _c1988 _aTrivandrum |
||
| 300 | _a745 | ||
| 546 | _aMalayalam | ||
| 942 |
_2ddc _cBK |
||
| 999 |
_c2099 _d2099 |
||
| 005 | 20220125165307.0 | ||